00929nam a2200277 4500003000400000005001700004008004100021040001800062050002100080110002900101245004300130264004200173300004900215336002200264337002400286338002400310500007100334650004000405650003400445650003100479650004500510650003500555655002900590942001500619999001700634OSt20260530115313.0260423b2004 sp a|||| |||| 00| 0 spa d aICIbspacICI aNA7115bD57 20042 aLoft Publications93307210aDiseño de lofts /cLoft Publications 1bLoft Publications,c2004aBarcelona : a61 páginasbilustraciones a color ;c30 cm atexto2rdacontent asin medio2rdamedia avolumen2rdacarrier aObra ilustrada sobre diseño y adaptación de espacios tipo loft aVivienda colectivaxDiseño933073 aApartamentos tipo loft933074 aArquitectura de interiores aDiseño de interioresxViviendas933076 aEspacios habitacionales933077 2localaLibros ilustrados 2lcccBKn1 c13438d13438